Plymouth pulpit : sermons /

Saved in:
நூற்பட்டியல் விவரங்கள்
தலைமை எழுத்தாளர்: Beecher, Henry Ward, 1813-1887.
வடிவம்: புத்தகம்
மொழி:English
வெளியீடப்பட்டது: New York : Fords, Howard, & Hulbert, 1888-1890.
தொகுதி:ATLA monograph preservation program ATLA fiche 1991-3051.
ATLA Historical Monographs Collection.
பகுதிகள்:
குறியீடுகள்: குறிச்சொல் இணை
குறியீடுகள் இல்லை, இந்த குறிச்சொல்லை முதலில் பதிவு செய்யுங்கள்!
LEADER 00890nam a2200229Ia 4500
001 002716632-5
005 20100115175935.0
008 930609m18881890nyu 00000 eng d
020 |a 0524073910 (microfiche) 
035 0 |a ocm05090018 
090 |a BX7233.B4  |b P6 1874 
100 1 |a Beecher, Henry Ward,  |d 1813-1887. 
245 1 0 |a Plymouth pulpit :  |b sermons /  |c preached in Plymouth Church, Brooklyn, by Henry Ward Beecher ; from Ellinwood's stenographic reports. 
260 |a New York :  |b Fords, Howard, & Hulbert,  |c 1888-1890. 
300 |a 4 v. ;  |c 21 cm. 
500 |a Preached September, 1873-September, 1875. 
650 0 |a Congregational churches  |x Sermons. 
650 0 |a Sermons, American. 
830 0 |a ATLA monograph preservation program  |v ATLA fiche 1991-3051.  |5 div 
830 0 |a ATLA Historical Monographs Collection.  |n Series 1 (13th Century to 1893).  |5 net 
988 |a 20020608 
906 |0 MH